{"text_format":"3","workbook":"xls","n_sheets":5,"sheets":["2019","1","2","3","3 (2)"],"read":"whole","date_system":"1900","formulas":"cached_only"}

{"sheet":"2019","index":0,"n_rows":54,"n_cols":6,"rows_kept":54,"merged":[[1,0,1,5],[53,4,53,5]],"flags":["formulas_cached_only"]}
[]
["           2020年曲靖医专计算机相关设备耗材清单 "]
["序号","耗材型号","品牌","适用设备","数量","单位"]
[1,"HP CE320A硒鼓（黑）","HP原装","HP LaserJet CM1415fn/fnw",1,"个"]
[2,"HP CE321A硒鼓（蓝）","HP原装","HP LaserJet CM1415fn/fnw",1,"个"]
[3,"HP CE322A硒鼓（黄）","HP原装","HP LaserJet CM1415fn/fnw",1,"个"]
[4,"HP CE323A硒鼓（红）","HP原装","HP LaserJet CM1415fn/fnw",1,"个"]
[5,"HP CF350A粉盒（黑）","HP原装","HP 176n M177fw",1,"个"]
[6,"HP CF351A粉盒（蓝）","HP原装","HP 176n M178fw",1,"个"]
[7,"HP CF352A粉盒（黄）","HP原装","HP 176n M179fw",1,"个"]
[8,"HP CF353A粉盒（红）","HP原装","HP 176n M180fw",1,"个"]
[9,"HP CF410A硒鼓（黑）","HP原装","HP m452dw/nw、m377dw",1,"个"]
[10,"HP CF411A硒鼓（蓝）","HP原装","HP m452dw/nw、m378dw",1,"个"]
[11,"HP CF412A硒鼓（黄）","HP原装","HP m452dw/nw、m379dw",1,"个"]
[12,"HP CF413A硒鼓（红）","HP原装","HP m452dw/nw、m380dw",1,"个"]
[13,"HP Q7516A硒鼓","HP原装","HP LaserJet 5200L",1,"个"]
[14,"HP CE505硒鼓","HP原装","HP LaserJet P2035dn",1,"个"]
[15,"HP CB436A硒鼓","HP原装","HP M1522nf",1,"个"]
[16,"HP C388硒鼓","HP原装","HP P1007/P1007/M2312",1,"个"]
[17,"HP CF232A硒鼓","HP原装","HP M227FDW",1,"个"]
[18,"HP CF230A粉盒","HP原装","HP M227FDW",1,"个"]
[19,"理光SP 200C硒鼓","理光原装","理光SP325SNw",1,"个"]
[20,"C388硒鼓","莱盛/懿智通","HP P1007/P1008",1,"个"]
[21,"Q2612硒鼓","莱盛/懿智通","HP LJ1020Plus /HP lj1010",1,"个"]
[22,"C436硒鼓","莱盛/懿智通","HP LaserJet M1522nf",1,"个"]
[23,"CE505硒鼓","莱盛/懿智通","HP LaserJet P2035dn",1,"个"]
[24,"7553A硒鼓","莱盛/懿智通","HP LaserJet P2015dn",1,"个"]
[25,"2050粉盒","莱盛/懿智通","联想LenovoLJ2000/LJ3200",1,"个"]
[26,"2822/2922粉仓","莱盛/懿智通","联想LenovoLJM7650/LJ2250N ",1,"个"]
[27,"2441粉盒","莱盛/懿智通","联想LJ2400T M7400 M7450F",1,"个"]
[28,"2325粉盒","莱盛/懿智通","兄弟7880DN",1,"个"]
[29,"2020鼓架","莱盛/懿智通","联想M3200/LJ2000",1,"个"]
[30,"CF230粉盒 ","莱盛/懿智通","HP M227FDW",1,"个"]
[31,"SP 200C硒鼓","莱盛/懿智通","理光SP325SNw",1,"个"]
[32,"HP 932XL 墨盒（黑）","HP原装","hp officejet  7610  ",1,"个"]
[33,"HP 933XL 墨盒（彩）","HP原装","hp officejet  7610  ",1,"个"]
[34,"EPSON T1881黑","EPSON原装","EPSON WF-3641 7111 7621",1,"个"]
[35,"EPSON T1882青","EPSON原装","EPSON WF-3641 7111 7621",1,"个"]
[36,"EPSON T1883红","EPSON原装","EPSON WF-3641 7111 7621",1,"个"]
[37,"EPSON T1884黄","EPSON原装","EPSON WF-3641 7111 7621",1,"个"]
[38,"HP 6615","HP原装","HP Deskjet 840c/845c",1,"个"]
[39,"A4/A3令装纸","四川永丰","A4 8000页/令 A3 4000页/令",1,"令"]
[40,"A3 80G复印纸","APP黑钢炮","1500页",1,"箱"]
[41,"A4 80G复印纸","APP黑钢炮","3000页",1,"箱"]
[42,"EPSON LQ-650色带","EPSON原装","EPSON LQ-650K/630K",1,"条"]
[43,"DS-61色带","得实原装","得实1700TX /1100TII",1,"条"]
[44,"MAXELL CD-R","MAXELL",null,1,"片"]
[45,"MAXELL DVD-R","MAXELL",null,1,"片"]
[46,"东芝32G U盘","东芝",null,1,"个"]
[47,"电池","松下","9V",1,"个"]
[48,"电池","松下",2032,1,"个"]
[49,"电池","南孚","5号",1,"对"]
[50,"电池","南孚","7号",1,"对"]
[{"$nulls":4},"合计：14500"]

{"sheet":"1","index":1,"n_rows":21,"n_cols":6,"rows_kept":21,"merged":[[0,0,0,5]],"flags":["formulas_cached_only"]}
["曲靖医专耗材清单"]
["时间","品名","单位","数量","单价","金额"]
["2019-04-17","蓝钢炮A4 80G复印纸","箱",20,180,3600]
["2019-04-17","莱盛Q2612硒鼓","个",5,135,675]
["2019-04-17","莱盛C388硒鼓","个",5,130,650]
["2019-05-17","莱盛Q2612硒鼓","个",10,135,1350]
["2019-05-17","莱盛C388硒鼓","个",10,130,1300]
["2019-05-17","莱盛2325粉盒","个",1,145,145]
["2019-06-11","莱盛2050粉盒","个",1,125,125]
["2019-06-11","莱盛C388硒鼓","个",2,130,260]
["2019-06-17","A4复印纸","令",5,360,1800]
["2019-06-21","莱盛Q2612硒鼓","个",6,135,810]
["2019-06-21","莱盛C388硒鼓","个",5,130,650]
["2019-07-01","莱盛C388硒鼓","个",10,130,1300]
["2018-03-08","蓝钢炮A4 80G复印纸","箱",-6,180,-1080]
["2018-03-16","蓝钢炮A4 80G复印纸","箱",-4,180,-720]
["2018-03-16","莱盛2822鼓架","个",-1,145,-145]
["2018-03-16","莱盛2050粉盒","个",-1,120,-120]
[{"$nulls":5},10600]
[]
[null,null,"供货：曲靖开发区创力科技经营部"]

{"sheet":"2","index":2,"n_rows":24,"n_cols":6,"rows_kept":24,"merged":[[0,0,0,5]],"flags":["formulas_cached_only"]}
["曲靖医专耗材清单"]
["时间","品名","单位","数量","单价","金额"]
["2019-07-11","蓝钢炮A4 80G复印纸","箱",5,180,900]
["2019-07-11","莱盛2325粉盒","个",5,145,725]
["2019-07-11","莱盛Q2612硒鼓","个",3,135,405]
["2019-07-11","莱盛2441粉盒","个",2,160,320]
["2019-08-07","莱盛2822粉盒","个",5,140,700]
["2019-08-07","莱盛CF230粉盒","个",2,210,420]
["2019-08-07","莱盛436硒鼓","个",2,130,260]
["2019-08-07","莱盛7553硒鼓","个",2,150,300]
["2019-08-07","蓝钢炮A4 80G复印纸","箱",4,180,720]
["2019-08-23","莱盛C388硒鼓","个",5,130,650]
["2019-08-23","莱盛Q2612硒鼓","个",8,135,1080]
["2019-08-23","莱盛CF230粉盒","个",10,210,2100]
["2019-08-23","蓝钢炮A4 80G复印纸","箱",4,180,720]
["2019-08-23","南孚电池","对",30,5,150]
["2019-08-30","莱盛2822鼓架","个",1,145,145]
["2019-08-30","莱盛Q2612硒鼓","个",4,135,540]
["2019-08-30","莱盛C388硒鼓","个",4,130,520]
["2019-08-30","蓝钢炮A4 80G复印纸","箱",2,180,360]
["2019-08-30","A4复印纸","令",8,360,2880]
[{"$nulls":5},13895]
[]
[null,null,"供货：曲靖开发区创力科技经营部"]

{"sheet":"3","index":3,"n_rows":31,"n_cols":6,"rows_kept":31,"merged":[[0,0,0,5]],"flags":["formulas_cached_only"]}
["曲靖医专耗材清单"]
["时间","品名","单位","数量","单价","金额"]
["2019-09-03","蓝钢炮A4 80G复印纸","箱",2,180,360]
["2019-09-03","三星1610硒鼓","个",1,170,170]
["2019-09-09","莱盛2822粉盒","个",1,145,145]
["2019-09-09","EPSON T1881墨盒","个",2,240,480]
["2019-09-12","蓝钢炮A4 80G复印纸","箱",4,180,720]
["2019-09-12","EPSON T1881墨盒","个",1,240,240]
["2019-09-12","莱盛2050粉盒","个",2,125,250]
["2019-09-12","南孚电池","对",90,5,450]
["2019-09-12","9V电池","粒",200,8,1600]
["2019-09-17","南孚电池","对",20,5,100]
["2019-09-17","DVD-R","片",50,4,200]
["2019-09-17","CD-R","片",50,2,100]
["2019-09-26","蓝钢炮A4 80G复印纸","箱",4,180,720]
["2019-09-26","莱盛Q2612硒鼓","个",5,135,675]
["2019-09-26","莱盛C388硒鼓","个",8,130,1040]
["2019-10-11","蓝钢炮A4 80G复印纸","箱",10,180,1800]
["2019-10-31","莱盛Q2612硒鼓","个",10,135,1350]
["2019-10-31","莱盛C388硒鼓","个",10,130,1300]
["2019-11-13","蓝钢炮A4 80G复印纸","箱",4,180,720]
["2019-11-20","蓝钢炮A4 80G复印纸","箱",6,180,1080]
["2019-11-20","A4复印纸","令",5,360,1800]
["2019-11-20","A3复印纸","令",2,360,720]
["2019-12-03","莱盛Q2612硒鼓","个",6,135,810]
["2019-12-03","莱盛C388硒鼓","个",6,130,780]
["2019-12-03","莱盛CF230粉盒","个",6,210,1260]
["2019-12-03","蓝钢炮A4 80G复印纸","箱",4,180,720]
[{"$nulls":5},19590]
[]
[null,null,"供货：曲靖开发区创力科技经营部"]

{"sheet":"3 (2)","index":4,"n_rows":34,"n_cols":6,"rows_kept":34,"merged":[[0,0,0,5]],"flags":["formulas_cached_only"]}
["曲靖医专耗材清单"]
["时间","品名","单位","数量","单价","金额"]
["2019-09-03","蓝钢炮A4 80G复印纸","箱",2,180,360]
["2019-09-03","三星1610硒鼓","个",1,170,170]
["2019-09-09","莱盛2822粉盒","个",1,145,145]
["2019-09-09","EPSON T1881墨盒","个",2,240,480]
["2019-09-12","蓝钢炮A4 80G复印纸","箱",4,180,720]
["2019-09-12","EPSON T1881墨盒","个",1,240,240]
["2019-09-12","莱盛2050粉盒","个",2,125,250]
["2019-09-12","南孚电池","对",90,5,450]
["2019-09-12","9V电池","粒",200,8,1600]
["2019-09-17","南孚电池","对",20,5,100]
["2019-09-17","DVD-R","片",50,4,200]
["2019-09-17","CD-R","片",50,2,100]
["2019-09-26","蓝钢炮A4 80G复印纸","箱",4,180,720]
["2019-09-26","莱盛Q2612硒鼓","个",5,135,675]
["2019-09-26","莱盛C388硒鼓","个",8,130,1040]
["2019-10-11","蓝钢炮A4 80G复印纸","箱",10,180,1800]
["2019-10-31","莱盛Q2612硒鼓","个",10,135,1350]
["2019-10-31","莱盛C388硒鼓","个",10,130,1300]
["2019-11-13","蓝钢炮A4 80G复印纸","箱",4,180,720]
["2019-11-20","蓝钢炮A4 80G复印纸","箱",6,180,1080]
["2019-11-20","A4复印纸","令",5,360,1800]
["2019-11-20","A3复印纸","令",2,360,720]
["2019-12-03","莱盛Q2612硒鼓","个",6,135,810]
["2019-12-03","莱盛C388硒鼓","个",6,130,780]
["2019-12-03","莱盛CF230粉盒","个",6,210,1260]
["2019-12-03","蓝钢炮A4 80G复印纸","箱",4,180,720]
["2019-12-17","蓝钢炮A4 81G复印纸","箱",10,180,1800]
["2019-12-17","莱盛Q2612硒鼓","个",10,135,1350]
["2019-12-17","莱盛C388硒鼓","个",10,130,1300]
[{"$nulls":5},24040]
[]
[null,null,"供货：曲靖开发区创力科技经营部"]